El capital social y la conciencia del empresario

Saved in:
Bibliografiske detaljer
Hovedforfatter: Díaz, Carlos (Author)
Format: Bog
Sprog:spansk
Udgivet: Ciudad de México Ruz 2004
Udgivelse:1a. ed
Fag:
Tags: Tilføj Tag
Ingen Tags, Vær først til at tagge denne postø!

MARC

LEADER 00000nam a2200000 a 4500
001 UCI2392
003 CL-VaPUC
008 070824e20040000MX |||||||||||||||||spa|d
020 |a 9685151261 
082 0 4 |a 658.408  |b DIA  |2 21 
100 0 |a Díaz, Carlos  |e author  |9 523395 
245 1 3 |a El capital social y la conciencia del empresario 
250 |a 1a. ed 
300 |a 206 p 
942 |c BK 
945 |d 20070824 00:00:00  |a rbrito 
260 |a Ciudad de México  |b Ruz  |c 2004 
650 7 |a EMPRESARIO  |2 CL-VaPUC  |9 375899 
650 0 |a Responsabilidad social  |9 339076 
650 0 |a Recursos humanos   |9 228420 
650 7 |a FUERZA DE TRABAJO  |2 CL-VaPUC  |9 358015 
650 0 |a Trabajadores  |9 260887 
650 7 |a PERSONAL  |2 CL-VaPUC  |9 343747 
650 0 |a Trabajo  |9 313876 
583 |a last modification  |c 20070824 00:00:00  |k Rodrigo Vera 
999 |c 326978  |d 326976 
952 |0 0  |1 0  |4 0  |6 658_408000000000000_DIA_2004  |7 0  |8 A  |9 409309  |a BIBGIM  |b BIBGIM  |d 2019-11-22  |i 4343360  |o 658.408 DIA 2004  |p 4343360  |r 2025-01-15  |w 2019-11-22  |y BK  |k SSL